000
00337nam a2200133Ia 4500
008
220204s9999 xx 000 0 und d
082
_a
061.6:63(058)
_b
CHA
100
_a
Chandel, A S
245
0
_a
Agricultural institutions in SAARC countries
250
_a
2
260
_a
Bangladesh
_b
SAIC
_c
1996
700
_a
Kamal, R M
942
_c
BK
999
_c
44010
_d
44010